000 00329nam a2200145Ia 4500
008 150201s2007 xx 000 0 und d
082 _a615
_bE07S
100 _aSHARMA,VN
245 _aESSENTIAL OF PHARMACOLOGY
250 _a3RD
260 _bCBS
_aDELHI
_c2007
300 _a1-784
650 _aPHARMACOLOGY
942 _2ddc
_cBK
_03
999 _c393
_d393